Statistiques concernant Personnages de fiction en images - D

Cliquez ici pour prendre le quiz!

Statistiques générales

  • Ce quiz a été pris 51 062 fois
  • Le résultat moyen est 15 sur 20

Statistiques - réponses

Réponse% Correct
Dora Marquez
99%
Dark Vador
98%
Dumbo
96%
Drago Malfoy
93%
Dory
92%
Deadpool
90%
Dracula
87%
Donkey Kong
84%
Ducobu
84%
Dupond et Dupont
81%
Dingo
80%
Daphne Blake
76%
Donatello
73%
Dracaufeu
66%
{Daffy} Duck
65%
Daredevil
59%
Daenerys Targaryen
52%
Denver
43%
Davy Jones
38%
Dorothy Gale
28%

Distribution des résultats

Percentile par nombre de réponses

% des personnes avec chaque résultat

Votre développement - résultats

Vous n’avez pas pris ce quiz